Energy management in industry : (Record no. 20457)
[ view plain ]
| 000 -LEADER | |
|---|---|
| fixed length control field | 01302cam a22002655a 4500 |
| 001 - CONTROL NUMBER | |
| control field | 17766421 |
| 005 - DATE AND TIME OF LATEST TRANSACTION | |
| control field | 20160124155331.0 |
| 008 - FIXED-LENGTH DATA ELEMENTS--GENERAL INFORMATION | |
| fixed length control field | 130606s2014 enka frb 001 0 eng d |
| 020 ## - INTERNATIONAL STANDARD BOOK NUMBER | |
| International Standard Book Number | 9780415706476 (hb : alk. paper) |
| 040 ## - CATALOGING SOURCE | |
| Original cataloging agency | DLC |
| Language of cataloging | eng |
| Transcribing agency | DLC |
| Modifying agency | DLC |
| -- | EG-ScBUE |
| 082 04 - DEWEY DECIMAL CLASSIFICATION NUMBER | |
| Classification number | 658.26 |
| Edition number | 22 |
| Item number | THO |
| 100 1# - MAIN ENTRY--PERSONAL NAME | |
| Personal name | Thorpe, Dave, |
| Dates associated with a name | 1954- |
| 9 (RLIN) | 39166 |
| 245 10 - TITLE STATEMENT | |
| Title | Energy management in industry : |
| Remainder of title | the Earthscan expert guide / |
| Statement of responsibility, etc | David Thorpe. |
| 250 ## - EDITION STATEMENT | |
| Edition statement | 1st ed. |
| 260 ## - PUBLICATION, DISTRIBUTION, ETC. (IMPRINT) | |
| Place of publication, distribution, etc | Oxon ; |
| -- | New York : |
| Name of publisher, distributor, etc | Earthscan / Routledge / Taylor & Francis Group, |
| Date of publication, distribution, etc | 2014. |
| 300 ## - PHYSICAL DESCRIPTION | |
| Extent | xii, 198 p. : |
| Other physical details | ill. (col.) ; |
| Dimensions | 26 cm. |
| 490 0# - SERIES STATEMENT | |
| Series statement | Earthscan expert series. |
| 500 ## - GENERAL NOTE | |
| General note | Index : p. 195-198. |
| 504 ## - BIBLIOGRAPHY, ETC. NOTE | |
| Bibliography, etc | Includes bibliographical references. |
| 505 0# - FORMATTED CONTENTS NOTE | |
| Formatted contents note | Measuring energy consumption -- Metering -- Airtightness and insulation -- Lighting, daylighting and controls -- Heating and cooling -- Heating, ventilation and air conditioning systems -- Energy reduction technologies -- Motors, drives and compressed air -- Refrigeration -- Process controls -- Data centres -- Minimising water use -- Making the financial case. |
| 650 #7 - SUBJECT ADDED ENTRY--TOPICAL TERM | |
| Topical term or geographic name as entry element | Industries |
| General subdivision | Energy conservation. |
| Source of heading or term | BUEsh |
| 9 (RLIN) | 39167 |
| 650 #7 - SUBJECT ADDED ENTRY--TOPICAL TERM | |
| Topical term or geographic name as entry element | Industries |
| General subdivision | Energy consumption |
| -- | Management. |
| Source of heading or term | BUEsh |
| 9 (RLIN) | 39168 |
| 653 ## - INDEX TERM--UNCONTROLLED | |
| Resource For college | Engineering, General |
| Arrived date list | August2015 |
| -- | January2016 |
| 942 ## - ADDED ENTRY ELEMENTS (KOHA) | |
| Source of classification or shelving scheme | Dewey Decimal Classification |
| Withdrawn status | Lost status | Source of classification or shelving scheme | Damaged status | Not for loan | Koha collection | Home library | Current library | Shelving location | Date acquired | Source of acquisition | Cost, normal purchase price | Serial Enumeration / chronology | Total Checkouts | Full call number | Barcode | Date last seen | Cost, replacement price | Koha item type |
|---|---|---|---|---|---|---|---|---|---|---|---|---|---|---|---|---|---|---|
| Dewey Decimal Classification | Baccah | Central Library | Central Library | First floor | 04/08/2015 | Purchase | 560.00 | 21761 | 658.26 THO | 000038995 | 15/07/2025 | 700.00 | Book - Borrowing |